Ekonomická kriminalita versus podnikateľ. 2

Pokračovanie z EPP č.8/94. Trestný zákon tretí oddiel - trestné činy proti mene a trestné činy daňové (­ 140 až 148b Trestného zákona). Falšovanie a pozmeňovanie peňazí a cenných papierov. Ohrozovanie obehu tuzemských peňazí. Falšovanie a pozmeňovanie známok. Trestné činy proti predpisom o hospodárs...

ver descrição completa

Na minha lista:
Detalhes bibliográficos
Autor principal: Minárik, Š.
Formato: Capítulo de Livro
Idioma:eslovaco
Assuntos:
Tags: Adicionar Tag
Sem tags, seja o primeiro a adicionar uma tag!

MARC

LEADER 00000naa a2200000 4500
001 r016285
005 20221213113202.9
041 0 |a slo 
044 |a SK 
245 1 0 |a Ekonomická kriminalita versus podnikateľ. 2  |c Š. Minárik 
520 |a Pokračovanie z EPP č.8/94. Trestný zákon tretí oddiel - trestné činy proti mene a trestné činy daňové (­ 140 až 148b Trestného zákona). Falšovanie a pozmeňovanie peňazí a cenných papierov. Ohrozovanie obehu tuzemských peňazí. Falšovanie a pozmeňovanie známok. Trestné činy proti predpisom o hospodárskej súťaži, ochranných známkach, ochranných vzoroch a vynálezoch a proti autorskému právu. Podvody. Nepovolená prevádzka lotérií a iných podobných hier. 
610 2 0 |a právo trestné 
610 2 0 |a zákony 
610 2 0 |a kriminalita hospodárska 
610 2 0 |a súťaž nekalá 
610 2 0 |a činnosť trestná 
100 1 |a Minárik, Š.